MARC details
| 000 -CABECERA |
| campo de control de longitud fija |
02722nam a2200253 a 4500 |
| 005 - FECHA Y HORA DE LA ÚLTIMA TRANSACCIÓN |
| campo de control |
20240215063812.0 |
| 008 - DATOS DE LONGITUD FIJA--INFORMACIÓN GENERAL |
| campo de control de longitud fija |
240119s2007 cl |||||r|||| 000 0 spa d |
| 020 ## - NÚMERO INTERNACIONAL NORMALIZADO PARA LIBROS |
| Número Internacional Normalizado del libro |
9789213230282 |
| 040 ## - FUENTE DE CATALOGACIÓN |
| Agencia de catalogación original |
MX-MxUPN |
| Idioma de catalogación |
spa |
| Agencia que realiza la transcripción |
MX-MxUPN |
| 041 0# - |
| -- |
spa |
| 050 14 - |
| -- |
HQ560.5 |
| -- |
F35 2007 |
| 245 00 - MENCIÓN DE TÍTULO |
| Título |
Familias y políticas públicas en América Latina : |
| Parte restante del título |
una historia de desencuentros |
| 260 ## - PUBLICACION, DISTRIBUCION, ETC. (PIE DE IMPRENTA) |
| Lugar de publicación, distribución, etc. |
Santiago de Chile : |
| Nombre del editor, distribuidor, etc. |
Naciones Unidas, |
| Fecha de publicación, distribución, etc. |
2007 |
| 300 ## - DESCRIPCIÓN FÍSICA |
| Extensión |
416 páginas |
| 490 0# - |
| -- |
Libros de la CEPAL ; |
| -- |
96 |
| 505 00 - |
| -- |
Familias en el mundo : historia y futuro en el umbral del siglo XXI / |
| -- |
Göran Therborn -- |
| -- |
Cambios en el paradigma del trabajo remunerado e impactos en la familia / |
| -- |
Martín Hopenhayn -- |
| -- |
El sueño de las mujeres : democracia en la familia / |
| -- |
Sonia Montaño -- |
| -- |
Las familias latinoamericanas en el marco de las transformaciones globales / |
| -- |
Elizabeth Jelin -- |
| -- |
Transformaciones familiares y políticas de bienestar en América Latina / |
| -- |
Irma Arriagada -- |
| -- |
Estado, mercado y familia : el haz del bienestar social como objeto de política / |
| -- |
Ana Sojo -- |
| -- |
Regímenes de bienestar y políticas de familia en América Latina / |
| -- |
Guillermo Sunkel -- |
| -- |
Los cuidados familiares como problema público y objeto de políticas / |
| -- |
Rosario Aguirre -- |
| -- |
Cambios legislativos en la formación y disolución de familias : una mirada de contexto / |
| -- |
Gladys Acosta Vargas -- |
| -- |
Políticas y programas orientados a las familias en los países andinos / |
| -- |
Jeanine Anderson -- |
| -- |
Reinventar políticas para las familias reinventadas : entre la realidad brasileña y la utopía / |
| -- |
Ana María Goldani -- |
| -- |
Familia y políticas públicas en México y Centroamérica / |
| -- |
Marina Ariza y Orlandina de Oliveira -- |
| -- |
Políticas hacia las familias con personas mayores : el desafío del cuidado en la edad avanzada / |
| -- |
Sandra Huenchuan y José Miguel Guzmán -- |
| -- |
El financiamiento de la política social / |
| -- |
Andras Uthoff -- |
| -- |
La familia como unidad de intervención de políticas sociales : notas sobre el Programa Puente- Chile Solidario / |
| -- |
Claudia Serrano -- |
| -- |
La experiencia de la gestión del Programa Oportunidades de México / |
| -- |
Cecilia Loría -- |
| -- |
Familias y política social en México : el caso del Programa Oportunidades / |
| -- |
Mercedes González de la Rocha -- |
| -- |
Problemas sociales y necesidades familiares en Colombia : una revisión crítica / |
| -- |
Ana Rico de Alonso -- |
| -- |
Argentina : aprendizajes del Programa Jefes y Jefas de Hogar Desocupados / |
| -- |
Laura Golbert. |
| 650 #4 - |
| -- |
Política familiar |
| -- |
América Latina |
| -- |
51036 |
| 651 #4 - |
| -- |
América Latina |
| -- |
Política social |
| -- |
3991 |
| 700 1# - |
| -- |
Arriagada, Irma |
| -- |
51035 |
| -- |
coordinación |
| 902 ## - ELEMENTOS DE DATOS B LOCAL, LDB (RLIN) |
| Creó |
GCH190124 |
| Modificó |
Víctor Ruiz/140224 |
| 942 ## - ELEMENTOS DE PUNTO DE ACCESO ADICIONAL (KOHA) |
| Fuente del sistema de clasificación o colocación |
Library of Congress Classification |
| Tipo de ítem Koha |
Libro |